[Event "HSG Open"]
[Site "Hilversum NED"]
[Date "2010.06.28"]
[Round "3"]
[White "Veldhuysen,K"]
[Black "Galje,H"]
[Result "1/2-1/2"]
[WhiteElo "2010"]
[BlackElo "2133"]
[EventDate "2010.06.26"]

1. e4 e6 2. d4 d5 3. e5 c5 4. c3 Nc6 5. Nf3 Bd7 6. a3 f6 7. Bf4 fxe5 8.
Bxe5 Nxe5 9. Nxe5 Nf6 10. Nxd7 Qxd7 11. Bd3 Bd6 12. Nd2 O-O 13. O-O e5 14.
dxe5 Bxe5 15. Nf3 Bc7 16. Re1 Rae8 17. Rxe8 Qxe8 18. Qe2 Qh5 19. Qe6+ Kh8
20. Qf5 Qxf5 21. Bxf5 Re8 22. Kf1 g6 23. Bc2 Re6 24. Re1 1/2-1/2

[Event "HSG Open"]
[Site "Hilversum NED"]
[Date "2010.06.28"]
[Round "3"]
[White "Van den Hoogen,Arie"]
[Black "Van de Groep,W"]
[Result "0-1"]
[WhiteElo "1998"]
[BlackElo "1970"]
[EventDate "2010.06.26"]

1. e4 e6 2. d4 d5 3. exd5 exd5 4. Nf3 Nc6 5. Bb5 Bd6 6. c4 Bb4+ 7. Nc3 Nge7
8. Qa4 O-O 9. Bg5 f6 10. Be3 a6 11. Bxc6 Nxc6 12. cxd5 Qxd5 13. O-O Qd6 14.
Nb5 axb5 15. Qxa8 Bg4 16. Qxb7 Rb8 17. Qa6 Bc8 18. Bf4 Qd7 19. Qxc6 Qxc6
20. Rac1 Qd5 21. Bxc7 Ra8 22. a3 Bf8 23. h3 Bb7 0-1

[Event "HSG Open"]
[Site "Hilversum NED"]
[Date "2010.06.29"]
[Round "4"]
[White "Lalith,B"]
[Black "Steingrimsson,H"]
[Result "1/2-1/2"]
[WhiteElo "2493"]
[BlackElo "2550"]
[EventDate "2010.06.26"]

1. Nf3 d5 2. d4 e6 3. c4 c6 4. Qc2 dxc4 5. Qxc4 Nf6 6. Bg5 h6 7. Bh4 b5 8.
Qc2 Bb7 9. e3 Nbd7 10. Nbd2 Rc8 11. Be2 Be7 12. O-O O-O 13. Rfd1 a6 14. a4
c5 15. d5 Nxd5 16. Bxe7 Qxe7 17. axb5 axb5 18. Bxb5 Nb4 19. Qc4 Rfd8 20.
Qe2 Nf6 21. Nc4 Qc7 22. h3 Be4 23. Ncd2 Bg6 24. Nf1 Rxd1 25. Qxd1 Bc2 26.
Qe2 Rd8 27. Rc1 Qb6 28. Ne1 Bg6 29. Ng3 Na2 30. Ra1 Nb4 31. Rc1 Na2 32. Ra1
Nb4 33. Rc1 Rb8 34. Bc4 Ne4 35. Nxe4 Bxe4 36. Nd3 Nc6 37. Qh5 Bg6 38. Qxc5
Qxc5 39. Nxc5 Rxb2 40. Nxe6 Rb1 41. Rxb1 Bxb1 42. Nd4 Nxd4 43. exd4 Kf8 44.
Kf1 Ke7 45. Ke2 Be4 46. f3 Bc6 47. Ke3 f6 48. Kf4 Bd7 49. Ke4 Kd6 50. h4
Bc8 51. Bf7 Bd7 52. h5 Bb5 53. Kf5 Bd3+ 54. Kf4 Bb5 55. Bg6 Ba6 56. Be4 Bb5
57. Bg6 Ba4 58. Be4 Bd7 59. Bb7 Be8 60. g4 Bd7 61. Ke4 Kc7 62. Ba8 Kd6 63.
Bb7 Kc7 64. Ba8 Kd6 1/2-1/2

[Event "HSG Open"]
[Site "Hilversum NED"]
[Date "2010.06.29"]
[Round "4"]
[White "Piasetski,L"]
[Black "Landa,K"]
[Result "0-1"]
[WhiteElo "2301"]
[BlackElo "2655"]
[EventDate "2010.06.26"]

1. Nf3 d5 2. c4 d4 3. e3 Nc6 4. exd4 Nxd4 5. Nxd4 Qxd4 6. Nc3 c6 7. d3 Nh6
8. Be3 Qd7 9. d4 Nf5 10. Qd3 g6 11. O-O-O Bg7 12. Be2 b6 13. g4 Nxe3 14.
Qxe3 Qe6 15. Bf3 Qxe3+ 16. fxe3 Bd7 17. b4 Rf8 18. Kc2 Rc8 19. Kd3 f5 20.
gxf5 Bxf5+ 21. Be4 Bh3 22. Rd2 Bf1+ 23. Ne2 Rf2 24. Kc2 Bxe2 25. Re1 Bf3
26. Bxg6+ hxg6 27. Rxf2 Be4+ 28. Kb3 e5 29. Rg1 Rc7 30. dxe5 Re7 31. Rf4
Rxe5 32. Rxe4 Rxe4 33. Rxg6 Rxe3+ 34. Ka4 Bb2 0-1

[Event "HSG Open"]
[Site "Hilversum NED"]
[Date "2010.06.29"]
[Round "4"]
[White "Nijboer,F"]
[Black "Goudriaan,E"]
[Result "1-0"]
[WhiteElo "2567"]
[BlackElo "2249"]
[EventDate "2010.06.26"]

1. e4 c5 2. Nf3 d6 3. d4 cxd4 4. Nxd4 Nf6 5. Nc3 a6 6. Be2 e5 7. Nb3 Be7 8.
O-O O-O 9. Kh1 Be6 10. f4 exf4 11. Bxf4 Nc6 12. Qe1 Ne5 13. Rd1 Qc7 14. Nd4
Rad8 15. Qg3 Kh8 16. Bc1 b5 17. a3 Qb7 18. Rfe1 Ng6 19. Bg5 d5 20. exd5
Nxd5 21. Bf3 Bxg5 22. Qxg5 f6 23. Qxg6 hxg6 24. Nxe6 Qc8 25. Nxd5 Qxc2 26.
Nxf8 Rxf8 27. Be4 1-0

[Event "HSG Open"]
[Site "Hilversum NED"]
[Date "2010.06.29"]
[Round "4"]
[White "Slingerland,F"]
[Black "De Jongh,Adriaan"]
[Result "1/2-1/2"]
[WhiteElo "2397"]
[BlackElo "2227"]
[EventDate "2010.06.26"]

1. e4 e5 2. Nf3 Nc6 3. Bb5 a6 4. Bxc6 dxc6 5. O-O Qf6 6. d4 exd4 7. Bg5 Qd6
8. Nxd4 c5 9. Ne2 Qxd1 10. Rxd1 Bd7 11. Nbc3 Ne7 12. Rd2 f6 13. Bf4 O-O-O
14. Rad1 Ng6 15. Bg3 Ne5 16. b3 Bd6 17. Nd5 Rhe8 18. Nb6+ cxb6 19. Rxd6 Nf7
20. R6d2 Bc6 21. f3 Rxd2 22. Rxd2 Rd8 23. Rxd8+ Nxd8 24. e5 fxe5 25. Bxe5
Ne6 26. Kf2 Kd7 27. Ke3 b5 28. Ng3 Ke7 29. h4 g6 30. h5 c4 31. b4 Ng5 32.
a3 Ke6 33. Bf4 Nf7 34. c3 Bd5 35. hxg6 hxg6 36. Ne2 Kf6 37. Bc7 Be6 38. g4
Bd5 39. Ng3 Be4 1/2-1/2

[Event "HSG Open"]
[Site "Hilversum NED"]
[Date "2010.06.29"]
[Round "4"]
[White "Nyzhnyk,I"]
[Black "Ten Have,R"]
[Result "1-0"]
[WhiteElo "2544"]
[BlackElo "1654"]
[EventDate "2010.06.26"]

1. e4 e6 2. d4 d5 3. Nc3 Bb4 4. e5 c5 5. a3 Bxc3+ 6. bxc3 Qc7 7. Nf3 Ne7 8.
Bd3 b6 9. a4 Ba6 10. Bb5+ Bxb5 11. axb5 Nd7 12. Qd3 O-O-O 13. O-O h5 14.
Bd2 Nf5 15. g3 Kb7 16. Ra4 Rc8 17. Rc1 f6 18. exf6 gxf6 19. Bf4 c4 20. Qxf5
exf5 21. Bxc7 Rxc7 22. Nh4 1-0

[Event "HSG Open"]
[Site "Hilversum NED"]
[Date "2010.06.29"]
[Round "4"]
[White "Afek,Y"]
[Black "Nagtegaal,K"]
[Result "1/2-1/2"]
[WhiteElo "2282"]
[BlackElo "2200"]
[EventDate "2010.06.26"]

1. e4 c5 2. Nf3 e6 3. c3 Nf6 4. e5 Nd5 5. Bc4 d6 6. d4 cxd4 7. cxd4 Nb6 8.
Bd3 dxe5 9. Nxe5 Nc6 10. Qf3 Nxe5 11. dxe5 Qd5 12. Qg3 Bb4+ 13. Nc3 Bxc3+
14. bxc3 Bd7 15. O-O O-O-O 16. c4 Qd4 17. Ba3 Bc6 18. Bd6 g5 19. Rfd1 Qf4
20. Qxf4 gxf4 21. f3 h5 22. Bf1 h4 23. Rd4 h3 24. gxh3 Bxf3 25. Rxf4 Bh5
26. c5 Nd7 27. Ra4 Rhg8+ 28. Kf2 Rg5 29. Rxa7 Rf5+ 30. Ke3 Nxe5 31. Rb1
Rxd6 32. cxd6 Nc6 33. Raxb7 Rf3+ 34. Kd2 Bg6 35. Rc7+ Kd8 36. Be2 Bxb1 37.
Bxf3 Ne5 38. Bh5 Bxa2 39. Bxf7 Nc4+ 40. Rxc4 Bxc4 41. h4 Kd7 42. h5 Ba2 43.
h4 Kxd6 44. h6 Bb1 45. h5 Ke7 46. Bg6 Kf8 47. Bxb1 Kg8 1/2-1/2

[Event "HSG Open"]
[Site "Hilversum NED"]
[Date "2010.06.30"]
[Round "5"]
[White "Steingrimsson,H"]
[Black "Nijboer,F"]
[Result "1/2-1/2"]
[WhiteElo "2550"]
[BlackElo "2567"]
[EventDate "2010.06.26"]

1. Nf3 Nf6 2. c4 g6 3. d4 Bg7 4. g3 O-O 5. Bg2 d6 6. O-O Nc6 7. Nc3 a6 8.
Bf4 Bg4 9. d5 Na5 10. Nd2 Nh5 11. Be3 c5 12. dxc6 bxc6 13. Rc1 1/2-1/2

[Event "HSG Open"]
[Site "Hilversum NED"]
[Date "2010.06.30"]
[Round "5"]
[White "De Jongh,Adriaan"]
[Black "Nyzhnyk,I"]
[Result "0-1"]
[WhiteElo "2227"]
[BlackElo "2544"]
[EventDate "2010.06.26"]

1. e4 c5 2. Nf3 d6 3. d4 cxd4 4. Nxd4 Nf6 5. Nc3 a6 6. Be3 e5 7. Nf3 Qc7 8.
a4 b6 9. Nd5 Nxd5 10. Qxd5 Nc6 11. Ng5 Rb8 12. Nxf7 Nb4 13. Qc4 Qxc4 14.
Bxc4 d5 15. Bb3 Kxf7 16. O-O-O a5 17. f4 Bc5 18. Bxc5 bxc5 19. Bxd5+ Ke7
20. c3 Na6 21. Bc4 Nc7 22. fxe5 Be6 23. Bxe6 Nxe6 24. Rd6 c4 25. Rd5 Nf4
0-1

[Event "HSG Open"]
[Site "Hilversum NED"]
[Date "2010.06.30"]
[Round "5"]
[White "De Rover,YH"]
[Black "Slingerland,F"]
[Result "1/2-1/2"]
[WhiteElo "2245"]
[BlackElo "2397"]
[EventDate "2010.06.26"]

1. d4 d5 2. c4 dxc4 3. e4 e5 4. Nf3 exd4 5. Bxc4 Nc6 6. O-O Be6 7. Bb5 Bc5
8. b4 Bb6 9. a4 a6 10. Bxc6+ bxc6 11. a5 Ba7 12. Bb2 Nf6 13. Bxd4 Nxe4 14.
Bxa7 Qxd1 15. Rxd1 Rxa7 16. Ne5 Bd5 17. f3 Nf6 18. Nc3 Rb7 19. Nxd5 cxd5
20. Rac1 O-O 21. Nc6 Re8 22. Kf2 h5 23. Rc5 Kf8 24. Rb1 g6 25. Rb3 Ra8 26.
Ke2 Rb5 27. Rxb5 axb5 28. Nd4 Nd7 29. Rc3 c5 30. bxc5 b4 31. Rc2 Rxa5 32.
c6 Nb6 33. Rb2 Ra4 34. Nc2 Ke7 35. Rxb4 Rxb4 36. Nxb4 Kd6 37. Kd3 Kc5 38.
Kc3 Nc8 39. c7 Ne7 40. g4 hxg4 41. fxg4 g5 42. Kb3 Kd6 43. Na6 Kc6 44. Kc3
Kb6 45. Kd4 Kxa6 46. c8=Q+ Nxc8 47. Kxd5 Kb6 48. Ke5 Kc6 49. Kf6 Nd6 50.
Kxg5 Kd7 51. Kf6 Ke8 52. g5 Kf8 53. h4 Kg8 54. h5 Kf8 55. g6 Ne8+ 56. Kf5
fxg6+ 57. Kxg6 1/2-1/2

[Event "HSG Open"]
[Site "Hilversum NED"]
[Date "2010.06.30"]
[Round "5"]
[White "Van de Groep,W"]
[Black "Piasetski,L"]
[Result "0-1"]
[WhiteElo "1970"]
[BlackElo "2301"]
[EventDate "2010.06.26"]

1. e4 g6 2. d4 Bg7 3. Nc3 d6 4. Be3 a6 5. g3 b5 6. Bg2 Bb7 7. a3 Nd7 8. Nf3
Rc8 9. O-O c5 10. d5 Ngf6 11. Nh4 Nb6 12. Rb1 O-O 13. h3 e6 14. dxe6 fxe6
15. Qd3 Nc4 16. Bc1 Ne5 17. Qe2 Qc7 18. f4 Nc6 19. Be3 Ne7 20. Bf2 Rcd8 21.
Rbe1 d5 22. e5 Nd7 23. Nf3 h6 24. h4 Qc6 25. Kh2 Rf7 26. Bh3 Rdf8 27. Bg2
Kh8 28. Bg1 Rb8 29. Nd1 b4 30. Ne3 Ba8 31. Bh3 bxa3 32. bxa3 Kg8 33. Rd1
Qa4 34. Rde1 Nf5 35. Nxf5 gxf5 36. Bg2 Rb2 37. Rc1 Bf8 38. h5 Be7 39. Be3
Rg7 40. Bf2 Bc6 41. Rfd1 Bb5 42. Qd2 Ra2 43. Ne1 d4 44. Ra1 Qxa3 45. Rxa2
Qxa2 46. Nf3 Nb6 47. Rc1 Nd5 48. Ne1 Nc3 49. Bf3 Qb2 50. Bg1 a5 51. Ng2 a4
52. Kh3 a3 53. g4 a2 54. Qe1 Qa3 55. gxf5 Ne2 56. Qf2 Rg3+ 0-1

[Event "HSG Open"]
[Site "Hilversum NED"]
[Date "2010.06.30"]
[Round "5"]
[White "De Wit,Albert"]
[Black "Afek,Y"]
[Result "1/2-1/2"]
[WhiteElo "1955"]
[BlackElo "2282"]
[EventDate "2010.06.26"]

1. e4 c5 2. Nf3 Nc6 3. d4 cxd4 4. Nxd4 g6 5. c4 Bg7 6. Be3 Nf6 7. Nc3 O-O
8. Be2 d6 9. O-O Bd7 10. Qd2 Nxd4 11. Bxd4 a5 12. b3 Bc6 13. f3 Nd7 14. Be3
Nc5 15. Rab1 Qb6 16. Rfc1 Rfc8 17. Rc2 h5 18. Bf1 Kh7 19. Nd5 Qd8 20. Bg5
f6 21. Be3 e6 22. Nf4 Qe7 23. Qf2 Rd8 24. Rd1 Be8 25. Rcd2 Bf7 26. Nd3 b6
27. Bf4 Bh6 28. Bxh6 Kxh6 29. Qe3+ Kg7 30. Nf4 Qc7 31. Ne2 Nb7 32. Nc3 Be8
33. f4 Qc5 34. Kf2 a4 35. b4 Qc7 36. f5 d5 37. fxe6 dxc4 38. Nd5 Qxh2 39.
Nxb6 c3 40. Qxc3 Rxd2+ 41. Rxd2 Rd8 42. Rxd8 Nxd8 43. Nd5 Qh4+ 44. g3 Qxe4
45. Qxf6+ Kh6 46. Qf4+ Qxf4+ 47. Nxf4 g5 48. e7 Nb7 49. Nd5 Kg6 50. Nc7 Kf7
51. Nxe8 Kxe8 52. Bb5+ Kxe7 53. Bxa4 Kd6 54. Bd1 h4 55. gxh4 gxh4 56. a4
Nd8 57. a5 Nc6 58. a6 Kc7 59. b5 Na7 60. Be2 Kb6 61. Kg2 Nc8 62. Kh3 Ka7
63. Kxh4 Nb6 64. Kg5 Nd5 65. Kf5 Nc3 66. Bf1 Nd5 67. Ke5 Nb6 68. Kd6 Nc8+
69. Kc7 Nb6 70. Bg2 Nc4 71. Bd5 Nb6 72. Bb3 Na8+ 73. Kc6 Nb6 74. Bd5 Na4
75. Be6 Nb6 76. Kc5 Na4+ 77. Kb4 Nb6 78. Ka5 Na8 79. Ka4 Nc7 80. Bg4 Nxa6
81. bxa6 1/2-1/2

[Event "HSG Open"]
[Site "Hilversum NED"]
[Date "2010.07.01"]
[Round "6"]
[White "Nijboer,F"]
[Black "Landa,K"]
[Result "1-0"]
[WhiteElo "2567"]
[BlackElo "2655"]
[EventDate "2010.06.26"]

1. e4 c6 2. d4 d5 3. e5 Bf5 4. Nf3 e6 5. Be2 c5 6. Be3 Qb6 7. c4 Qxb2 8.
Nbd2 Ne7 9. O-O Nbc6 10. Nb3 dxc4 11. Bxc4 Ng6 12. Bb5 a6 13. Bxc6+ bxc6
14. dxc5 Be7 15. Nfd4 Be4 16. Qe1 Rd8 17. f3 Bd3 18. Rf2 Qa3 19. Nxc6 Rc8
20. Nca5 O-O 21. Rc1 Rfd8 22. f4 Qa4 23. Nb7 Rd5 24. Nd6 Rc7 25. g3 Bf8 26.
Rd2 Ne7 27. Bf2 h6 28. Qd1 Bb5 29. Nd4 Qxd1+ 30. Rdxd1 Ba4 31. Nb3 Rxd1+
32. Rxd1 Bc6 33. Na5 Bd5 34. a3 g5 35. Rb1 gxf4 36. gxf4 Ng6 37. Be3 Be7
38. Rb8+ Kh7 39. Kf2 f5 40. Ne8 Rxc5 41. Bxc5 Bxc5+ 42. Kg3 Be3 43. Nf6+
Kg7 44. Nh5+ Kf7 45. Nb7 Bd2 46. Nd6+ Ke7 47. Re8+ Kd7 48. Nf6+ Kc6 49.
Rc8+ Kb6 50. Nd7+ Ka5 51. Nc4+ Bxc4 52. Rxc4 Kb5 53. Rd4 Be1+ 54. Kf3 Nh4+
55. Ke2 Bc3 56. a4+ Ka5 57. Rc4 Bb4 58. Nc5 Ng6 59. Nxa6 1-0

[Event "HSG Open"]
[Site "Hilversum NED"]
[Date "2010.07.01"]
[Round "6"]
[White "Slingerland,F"]
[Black "Galje,H"]
[Result "1/2-1/2"]
[WhiteElo "2397"]
[BlackElo "2133"]
[EventDate "2010.06.26"]

1. e4 e6 2. d4 d5 3. Nc3 Bb4 4. e5 c5 5. Bd2 cxd4 6. Nb5 Bc5 7. b4 Bf8 8.
Nxd4 Ne7 9. b5 Ng6 10. Qh5 Qb6 11. Ngf3 Nd7 12. Bd3 Ndxe5 13. O-O Nxd3 14.
cxd3 Be7 15. Be3 Qd6 16. Nb3 O-O 17. Bc5 Qd8 18. g3 Bxc5 19. Nxc5 Qd6 20.
d4 f6 21. Rac1 b6 22. Na6 Bd7 23. a4 Rac8 24. Qg4 e5 25. Qh5 Rxc1 26. Rxc1
Rc8 27. Rxc8+ Bxc8 28. Nh4 Nxh4 29. Qxh4 Bxa6 30. bxa6 Qb4 31. Qg4 Qe1+ 32.
Kg2 Qe4+ 33. Qxe4 dxe4 34. dxe5 fxe5 35. h4 Kf7 36. Kf1 Ke6 37. Ke2 Kd6 38.
Ke3 Kc5 39. Kxe4 Kb4 40. Kxe5 Kxa4 41. Kd4 b5 42. Kc3 Ka3 43. Kc2 Ka2 44.
Kc3 Ka3 45. Kc2 1/2-1/2

[Event "HSG Open"]
[Site "Hilversum NED"]
[Date "2010.07.01"]
[Round "6"]
[White "Piasetski,L"]
[Black "De Rover,YH"]
[Result "1-0"]
[WhiteElo "2301"]
[BlackElo "2245"]
[EventDate "2010.06.26"]

1. d4 Nf6 2. c4 g6 3. Nc3 Bg7 4. e4 d6 5. Nf3 O-O 6. Be2 e5 7. O-O Nc6 8.
d5 Ne7 9. b4 Nh5 10. g3 f5 11. Ng5 Nf6 12. f3 f4 13. Kg2 fxg3 14. hxg3 Nh5
15. Qb3 Bf6 16. Ne6 Bxe6 17. dxe6 Nc6 18. c5 Kh8 19. cxd6 cxd6 20. Nd5 Nd4
21. Qd3 Ng7 22. Be3 Ngxe6 23. Rac1 Rf7 24. f4 Bg7 25. f5 gxf5 26. exf5 Nc7
27. Bh5 Nxd5 28. Bxf7 Nxb4 29. Qb1 Qe7 30. f6 Bxf6 31. Qxb4 Qxf7 32. Bxd4
exd4 33. Qxd6 Rf8 34. Rc7 Qxa2+ 35. Kh3 1-0

[Event "HSG Open"]
[Site "Hilversum NED"]
[Date "2010.07.02"]
[Round "7"]
[White "Nyzhnyk,I"]
[Black "Nijboer,F"]
[Result "1/2-1/2"]
[WhiteElo "2544"]
[BlackElo "2567"]
[EventDate "2010.06.26"]

1. e4 e5 2. Nf3 Nc6 3. Bb5 a6 4. Ba4 Nf6 5. d3 d6 6. c3 Be7 7. Nbd2 O-O 8.
O-O b5 9. Bb3 Na5 10. Bc2 c5 11. a4 Bg4 12. h3 Bh5 13. Re1 Nd7 14. Nf1 Nb6
15. axb5 axb5 16. Ng3 Bxf3 17. Qxf3 Bg5 18. Bxg5 Qxg5 19. Nf5 Qf6 20. Qg3
g6 21. Ne3 b4 22. h4 1/2-1/2

[Event "HSG Open"]
[Site "Hilversum NED"]
[Date "2010.07.02"]
[Round "7"]
[White "Lalith,B"]
[Black "Piasetski,L"]
[Result "1/2-1/2"]
[WhiteElo "2493"]
[BlackElo "2301"]
[EventDate "2010.06.26"]

1. Nf3 c5 2. c4 b6 3. Nc3 Bb7 4. e4 Nf6 5. e5 Ng4 6. h3 Nh6 7. d4 cxd4 8.
Nxd4 g6 9. Nd5 Bg7 10. Bg5 Bxd5 11. cxd5 f6 12. Bxh6 Bxh6 13. exf6 O-O 14.
Be2 e5 15. dxe6 Qxf6 16. O-O Nc6 17. Nxc6 dxc6 18. Qd7 Rae8 19. Qxc6 Qxb2
20. Bc4 Re7 21. Rad1 Bd2 22. Bb3 Rd8 23. Rfe1 Rd4 24. Re5 Kg7 25. Rd5 Rxd5
26. Qxd5 Bb4 27. Rd4 Qc1+ 28. Rd1 Qc3 29. Qe4 Bc5 30. Qe2 a5 31. Ba4 Qf6
32. Bd7 Qf4 33. Qc2 Qe5 34. a4 h5 35. Qc4 Kh7 36. Qh4 Kh6 37. Kf1 g5 38.
Qc4 Rg7 39. Be8 Qf6 40. Qe2 g4 41. Bf7 Rg5 42. hxg4 hxg4 43. Qd2 Kg7 44.
Qe2 g3 45. Rd7 Qxf2+ 46. Qxf2 gxf2 47. Rd1 Re5 48. Be8 Rxe6 49. Bb5 Re4 50.
Bc6 Re3 51. Bb5 Ra3 52. Ke2 Kf6 53. Kf1 Ke5 54. Ke2 Kf4 55. Kf1 Ra2 56. Rc1
Be3 57. Rd1 Kg3 58. Rb1 Rc2 59. Rd1 Rc5 60. Ke2 Kxg2 61. Kxe3 Rxb5 62. axb5
f1=Q 63. Rxf1 Kxf1 64. Kd3 Ke1 65. Ke3 a4 66. Kd3 a3 67. Kc3 a2 68. Kb2 Kd2
1/2-1/2

[Event "HSG Open"]
[Site "Hilversum NED"]
[Date "2010.07.02"]
[Round "7"]
[White "Steingrimsson,H"]
[Black "Slingerland,F"]
[Result "1-0"]
[WhiteElo "2550"]
[BlackElo "2397"]
[EventDate "2010.06.26"]

1. e4 c5 2. Nf3 Nc6 3. Bb5 g6 4. Bxc6 bxc6 5. O-O Bg7 6. Re1 Nf6 7. e5 Nd5
8. c4 Nc7 9. b3 O-O 10. Bb2 d6 11. exd6 exd6 12. Bxg7 Kxg7 13. h3 Qf6 14.
Nc3 Bf5 15. Rc1 Rfe8 16. Re3 h5 17. d3 Rxe3 18. fxe3 Re8 19. Qd2 Re7 20.
Rf1 d5 21. e4 Bc8 22. cxd5 cxd5 23. exd5 Qa6 24. Qf4 Ne8 25. Qc4 Re3 26.
Qxc5 Qb6 27. Na4 Qxc5 28. Nxc5 Nf6 29. d6 Nd7 30. b4 a5 31. Kf2 Re8 32. Re1
Rxe1 33. Kxe1 axb4 34. Nxd7 Bxd7 35. Ne5 1-0

[Event "HSG Open"]
[Site "Hilversum NED"]
[Date "2010.07.02"]
[Round "7"]
[White "Galje,H"]
[Black "De Rover,YH"]
[Result "0-1"]
[WhiteElo "2133"]
[BlackElo "2245"]
[EventDate "2010.06.26"]

1. d4 Nf6 2. c4 g6 3. Nc3 Bg7 4. e4 d6 5. f3 O-O 6. Bg5 c5 7. d5 e6 8. Qd2
exd5 9. cxd5 Qa5 10. a4 Bd7 11. Bd3 Na6 12. Nge2 Rfc8 13. g4 c4 14. Bc2 Nc5
15. Ra3 a6 16. h4 Qb4 17. Nd1 Qxd2+ 18. Bxd2 b5 19. a5 Be8 20. Bc3 Rab8 21.
Bd4 b4 22. Ra1 Bb5 23. g5 Nfd7 24. Bxg7 Kxg7 25. f4 Re8 26. Nf2 c3 27. b3
f5 28. Nd4 fxe4 29. Nxb5 Rxb5 30. O-O Nb7 31. Nxe4 Rxd5 32. Rfd1 Rxd1+ 33.
Rxd1 Ndc5 34. Nxc5 Nxc5 35. Kf2 Nb7 36. Rd4 Nxa5 37. Rxb4 d5 38. Rb6 Rc8
39. Ke3 Nc6 40. Kd3 a5 41. Rxc6 Rxc6 42. Kd4 Rb6 43. Kxc3 Rb4 44. f5 Rxh4
45. f6+ Kf7 46. Bd1 Rf4 0-1

[Event "HSG Open"]
[Site "Hilversum NED"]
[Date "2010.07.03"]
[Round "8"]
[White "Landa,K"]
[Black "Nyzhnyk,I"]
[Result "1/2-1/2"]
[WhiteElo "2655"]
[BlackElo "2544"]
[EventDate "2010.06.26"]

1. Nf3 d5 2. d4 Nf6 3. c4 dxc4 4. Qa4+ Nbd7 5. Nc3 e6 6. e4 Be7 7. Bxc4 O-O
8. Qc2 c6 9. O-O Re8 10. Bf4 Nf8 11. h3 b5 12. Bd3 a6 13. a3 Bb7 14. b4 a5
15. Rab1 Ng6 16. Be3 Nd7 17. Rfd1 axb4 18. axb4 Qb8 19. e5 Nb6 20. Ne4 Nd5
21. Nc5 Ra3 22. Rb3 Rxb3 23. Qxb3 Bxc5 24. bxc5 Qa7 25. Ng5 Ra8 26. Rb1 Qa4
1/2-1/2

[Event "HSG Open"]
[Site "Hilversum NED"]
[Date "2010.07.03"]
[Round "8"]
[White "Nijboer,F"]
[Black "Lalith,B"]
[Result "1-0"]
[WhiteElo "2567"]
[BlackElo "2493"]
[EventDate "2010.06.26"]

1. e4 c6 2. d4 d5 3. e5 Bf5 4. Nf3 e6 5. Be2 Nd7 6. O-O h6 7. b3 Ne7 8. c4
Bh7 9. Nc3 Ng6 10. Bd3 Bb4 11. Qc2 O-O 12. Ne2 Re8 13. c5 Ba5 14. Rb1 Ngf8
15. Bxh7+ Nxh7 16. b4 Bc7 17. b5 f6 18. exf6 Nhxf6 19. bxc6 bxc6 20. Bb2 e5
21. dxe5 Bxe5 22. Nxe5 Nxe5 23. Ng3 Ned7 24. Nf5 Re6 25. Nd4 Re8 26. Nxc6
Qc7 27. Bxf6 Nxf6 28. Nd4 Rac8 29. Qg6 Ne4 30. Nf5 Kh8 31. c6 Nc5 32. Nd4
Qf4 33. Rbd1 Re5 34. g3 Qe4 35. Qxe4 dxe4 36. Rc1 Rd5 37. Rc4 Nd3 38. Ne2
Ne5 39. Rxe4 Rxc6 40. Nf4 Ra5 41. Rd1 Ng6 42. Nxg6+ Rxg6 43. a4 Rga6 44.
Rdd4 Kh7 45. h4 Rf5 46. Re7 Rfa5 47. Rdd7 Rg6 48. Rxa7 Rxa7 49. Rxa7 Rc6
50. a5 h5 51. a6 Rc1+ 52. Kg2 Ra1 53. Kf3 Ra4 54. Ra8 Kg6 55. Ke3 Kh7 56.
Kd3 Ra2 57. Kc4 Rxf2 58. Rd8 Ra2 59. Kb5 Rb2+ 60. Kc6 Rc2+ 61. Kb7 Rb2+ 62.
Ka8 Kg6 63. a7 1-0

[Event "HSG Open"]
[Site "Hilversum NED"]
[Date "2010.07.03"]
[Round "8"]
[White "Piasetski,L"]
[Black "Steingrimsson,H"]
[Result "0-1"]
[WhiteElo "2301"]
[BlackElo "2550"]
[EventDate "2010.06.26"]

1. Nf3 d5 2. d4 Nf6 3. c4 e6 4. g3 dxc4 5. Bg2 a6 6. O-O Nc6 7. Bg5 Be7 8.
e3 Bd7 9. Qe2 b5 10. Rc1 Ra7 11. Nbd2 O-O 12. a4 h6 13. Bxf6 Bxf6 14. axb5
axb5 15. Rxa7 Nxa7 16. b3 cxb3 17. Nxb3 Bc6 18. Qc2 Qa8 19. Ne1 Bxg2 20.
Nxg2 Be7 21. Qxc7 Ba3 22. Ra1 b4 23. Nf4 Nb5 24. Qe5 Qc6 25. Nc5 Nc3 26. e4
Rd8 27. Re1 Qd6 28. Nb3 Nb5 29. Qxd6 Rxd6 30. Ne2 Bb2 31. Rb1 Bxd4 32.
Nexd4 Nxd4 33. Nxd4 Rxd4 34. f3 g5 35. Kf2 Rc4 36. Ke3 Rc3+ 37. Ke2 b3 38.
Ra1 Rc2+ 39. Kd3 Rxh2 40. Ra8+ Kg7 41. Ke3 h5 42. Rb8 b2 0-1

[Event "HSG Open"]
[Site "Hilversum NED"]
[Date "2010.07.03"]
[Round "8"]
[White "Afek,Y"]
[Black "Vogel,Ja"]
[Result "1-0"]
[WhiteElo "2282"]
[BlackElo "2210"]
[EventDate "2010.06.26"]

1. e4 e6 2. d4 d5 3. e5 c5 4. c3 Nc6 5. Nf3 Nh6 6. Bd3 cxd4 7. cxd4 Nf5 8.
Bxf5 exf5 9. Nc3 Be6 10. Be3 Be7 11. h4 h6 12. Ne2 g6 13. Kf1 Qa5 14. g3
Qa6 15. Kg2 Rc8 16. Nf4 Nb4 17. Ne1 Qc4 18. Nxe6 1-0

[Event "HSG Open"]
[Site "Hilversum NED"]
[Date "2010.07.03"]
[Round "8"]
[White "De Rover,YH"]
[Black "Goudriaan,E"]
[Result "0-1"]
[WhiteElo "2245"]
[BlackElo "2249"]
[EventDate "2010.06.26"]

1. d4 d5 2. c4 c6 3. Nf3 Nf6 4. Nc3 e6 5. Bg5 h6 6. Bh4 dxc4 7. e4 g5 8.
Bg3 b5 9. Be2 Bb7 10. h4 g4 11. Ne5 Nbd7 12. O-O Rg8 13. Nxg4 b4 14. Nxf6+
Nxf6 15. e5 bxc3 16. exf6 cxb2 17. Rb1 c3 18. Qb3 Rxg3 19. Qxb7 Rb8 20.
Qxc6+ Qd7 21. Qc4 Rc8 22. Qa6 Rb8 23. Bd1 Rb6 24. Qa5 Bb4 25. Qe5 Rg6 26.
h5 Rg5 27. Qe3 Qd5 28. g3 Rd6 29. Bb3 Qa5 30. Rbd1 Kf8 31. d5 e5 32. Qe4
Rxf6 33. d6 Bxd6 34. Rd5 Qb4 35. Qh7 Qf4 36. Qd3 Rxg3+ 0-1

[Event "HSG Open"]
[Site "Hilversum NED"]
[Date "2010.07.03"]
[Round "8"]
[White "Slingerland,F"]
[Black "Van Engen,H"]
[Result "1-0"]
[WhiteElo "2397"]
[BlackElo "2161"]
[EventDate "2010.06.26"]

1. e4 c5 2. Nf3 d6 3. d4 cxd4 4. Nxd4 Nf6 5. Nc3 Nc6 6. Be2 e5 7. Nf3 h6 8.
O-O Be7 9. Re1 O-O 10. h3 Be6 11. Bf1 Qd7 12. b3 Bd8 13. Bb2 a6 14. Nd5
Bxd5 15. exd5 Nb4 16. c4 a5 17. Qd2 Na6 18. Bd3 Nc5 19. Bc2 Nh5 20. a3 f5
21. b4 axb4 22. axb4 Rxa1 23. Bxa1 Ne4 24. Qe3 Ng5 25. c5 Nf4 26. Nxg5 Bxg5
27. Qc3 Qb5 28. Kh1 Kh8 29. Bb3 Nd3 30. Bc4 Qxb4 31. Bxd3 Bd2 32. Qxb4 Bxb4
33. Rb1 Bxc5 34. Bc3 b6 35. f3 Kg8 36. Kh2 g6 37. Ra1 Re8 38. Ra7 Rf8 39.
f4 Rc8 40. fxe5 Bg1+ 41. Kxg1 Rxc3 42. exd6 1-0

[Event "HSG Open"]
[Site "Hilversum NED"]
[Date "2010.07.04"]
[Round "9"]
[White "Nijboer,F"]
[Black "Afek,Y"]
[Result "1/2-1/2"]
[WhiteElo "2567"]
[BlackElo "2282"]
[EventDate "2010.06.26"]

1. e4 c5 2. Nf3 d6 3. d4 cxd4 4. Nxd4 Nf6 5. Nc3 g6 6. Be3 Bg7 7. f3 O-O 8.
Qd2 d5 9. e5 Nfd7 10. f4 Nc6 11. Be2 Nb6 12. b3 e6 13. O-O f6 14. exf6 Qxf6
15. Ncb5 Bd7 16. c3 Nc8 17. Nc7 Rb8 18. Bg4 Nd6 19. Ndxe6 Qxc3 20. Qxc3
Bxc3 21. Bc5 Bxa1 22. Bxd6 Bd4+ 23. Nxd4 Bxg4 24. Nxc6 bxc6 25. Bxf8 Rxf8
26. h3 Rc8 27. Nxd5 cxd5 28. hxg4 Kf7 29. Rd1 Ke6 30. Rd2 a5 31. Kf2 Rc3
32. Re2+ Kd6 33. f5 d4 34. Re8 gxf5 35. gxf5 h5 36. f6 Rc5 37. Rd8+ Ke6 38.
Rxd4 Rc2+ 39. Kg3 Rxa2 40. Rf4 Kf7 41. Kh4 Rxg2 42. Kxh5 1/2-1/2

[Event "HSG Open"]
[Site "Hilversum NED"]
[Date "2010.07.04"]
[Round "9"]
[White "Goudriaan,E"]
[Black "Nyzhnyk,I"]
[Result "1/2-1/2"]
[WhiteElo "2249"]
[BlackElo "2544"]
[EventDate "2010.06.26"]

1. d4 Nf6 2. c4 e6 3. Nc3 Bb4 4. Qc2 O-O 5. a3 Bxc3+ 6. Qxc3 b6 7. Bg5 Bb7
8. f3 c5 9. dxc5 bxc5 10. e3 Nc6 11. Ne2 h6 12. Bh4 d6 13. O-O-O Qe7 14.
Bxf6 gxf6 15. Ng3 f5 16. Nh5 f6 17. Be2 Rad8 18. g4 Qf7 19. Rhg1 Kh7 20. f4
Ne7 21. gxf5 Nxf5 22. Bg4 Ne7 23. Be2 Nf5 24. Bg4 Ne7 25. Rg3 Be4 26. Rdg1
d5 27. f5 Bxf5 28. Bd1 Bg6 29. Nf4 Rg8 30. Nxg6 Rxg6 31. Rxg6 Nxg6 32. Bh5
Rg8 33. cxd5 exd5 34. Qxc5 Qd7 35. Bxg6+ 1/2-1/2

[Event "HSG Open"]
[Site "Hilversum NED"]
[Date "2010.07.04"]
[Round "9"]
[White "Lalith,B"]
[Black "Nagtegaal,K"]
[Result "1-0"]
[WhiteElo "2493"]
[BlackElo "2200"]
[EventDate "2010.06.26"]

1. Nf3 f5 2. c4 Nf6 3. g3 g6 4. Bg2 Bg7 5. O-O O-O 6. Nc3 d6 7. d4 Qe8 8.
d5 a5 9. Be3 Na6 10. Re1 Bd7 11. Bd4 c5 12. Bxf6 Bxf6 13. e4 fxe4 14. Nxe4
Qf7 15. Qd2 Nc7 16. Nfg5 Qg7 17. Nxf6+ Qxf6 18. Ne4 Qg7 19. Re3 b5 20. Rae1
h6 21. Nxc5 dxc5 22. Rxe7 Rf7 23. d6 Re8 24. Rxf7 Rxe1+ 25. Qxe1 Qxf7 26.
dxc7 bxc4 27. Qxa5 Qf5 28. Qa8+ Kg7 29. Be4 Qe5 30. Bd5 1-0